MADHUMOZHIKADHAKAL (Record no. 1002)
[ view plain ]
| 000 -LEADER | |
|---|---|
| fixed length control field | 00279nam a22001217a 4500 |
| 082 ## - DEWEY DECIMAL CLASSIFICATION NUMBER | |
| Classification number | 894.812.3 |
| Item number | KOT/M |
| 100 ## - MAIN ENTRY--AUTHOR NAME | |
| Personal name | THULASI KOTTUKKAL |
| 245 ## - TITLE STATEMENT | |
| Title | MADHUMOZHIKADHAKAL |
| 260 ## - PUBLICATION, DISTRIBUTION, ETC. (IMPRINT) | |
| Place of publication | THRICHUR |
| Name of publisher | H & C BOOKS |
| Year of publication | 2008 |
| 300 ## - PHYSICAL DESCRIPTION | |
| Number of Pages | 64 |
| 650 ## - SUBJECT ADDED ENTRY--TOPICAL TERM | |
| Topical Term | MALAYALAM STORIES |
| Geographic subdivision | KERALA |
| 942 ## - ADDED ENTRY ELEMENTS (KOHA) | |
| Koha item type | Books |
| Withdrawn status | Lost status | Collection code | Home library | Current library | Shelving location | Date acquired | Source of acquisition | Cost, normal purchase price | Full call number | Accession Number | Koha item type |
|---|---|---|---|---|---|---|---|---|---|---|---|
| Reference | Main Library | Main Library | 22/10/2012 | purchase | 10.00 | 894.812.3 KOT/M | 07153 | Books |